Aftercare provisions: how effective are they? (Record no. 67412)
[ view plain ]
| 000 -LEADER | |
|---|---|
| fixed length control field | 01058cam a2200241 4500 |
| 001 - CONTROL NUMBER | |
| control field | X113197 |
| 008 - FIXED-LENGTH DATA ELEMENTS--GENERAL INFORMATION | |
| fixed length control field | 000000n2001 000 0 eng u |
| 035 ## - SYSTEM CONTROL NUMBER | |
| System control number | (Sirsi) u113197 |
| 245 ## - TITLE STATEMENT | |
| Title | Aftercare provisions: how effective are they? |
| 260 ## - PUBLICATION, DISTRIBUTION, ETC. | |
| Date of publication, distribution, etc. | 2001 |
| 490 ## - SERIES STATEMENT | |
| Series statement | Minerals Bulletin |
| Volume/sequential designation | May 2001, 5(1) |
| 520 ## - SUMMARY, ETC. | |
| Summary, etc. | Outlines the key findings of a DETR research study into aftercare in minerals planning focusing on amendments to legislation, additional guidance, better use of existing guidance, and changes to existing practices. The full text of the research study, "Effectiveness of provisions for the aftercare of minerals workings, is available at http://www.communities.gov.uk/index.asp?id=1143562 |
| 650 ## - SUBJECT ADDED ENTRY--TOPICAL TERM | |
| Topical term or geographic name entry element | AFTERCARE |
| 650 ## - SUBJECT ADDED ENTRY--TOPICAL TERM | |
| Topical term or geographic name entry element | MINERAL PLANNING AUTHORITIES |
| 650 ## - SUBJECT ADDED ENTRY--TOPICAL TERM | |
| Topical term or geographic name entry element | MINERAL WORKINGS |
| 650 ## - SUBJECT ADDED ENTRY--TOPICAL TERM | |
| Topical term or geographic name entry element | MINERALS ACT 1981 |
| 650 ## - SUBJECT ADDED ENTRY--TOPICAL TERM | |
| Topical term or geographic name entry element | MINERALS PLANNING |
| 650 ## - SUBJECT ADDED ENTRY--TOPICAL TERM | |
| Topical term or geographic name entry element | MINERALS PLANNING AUTHORITIES |
| 650 ## - SUBJECT ADDED ENTRY--TOPICAL TERM | |
| Topical term or geographic name entry element | MPG7 |
| 690 ## - LOCAL SUBJECT ADDED ENTRY--TOPICAL TERM (OCLC, RLIN) | |
| Topical term or geographic name as entry element | MINING AND MINERALS |
| 856 ## - ELECTRONIC LOCATION AND ACCESS | |
| Uniform Resource Identifier | <a href="https://www.communities.gov.uk/index.asp?id=1143563">https://www.communities.gov.uk/index.asp?id=1143563</a> |
| 942 ## - ADDED ENTRY ELEMENTS (KOHA) | |
| Suppress in OPAC | 0 |
| Withdrawn status | Lost status | Source of classification or shelving scheme | Damaged status | Not for loan | Home library | Current library | Shelving location | Date acquired | Total Checkouts | Full call number | Barcode | Date last seen | Copy number | Price effective from | Koha item type |
|---|---|---|---|---|---|---|---|---|---|---|---|---|---|---|---|
| Dewey Decimal Classification | London | London | Journal article | 20/06/2001 | X113197 | 113197-1001 | 06/08/2019 | 1 | 06/08/2019 | Journal article |